00456 2200169 4500001002100000005001500021035002000036245010200056100001900158300002600177260001500203082001200218084001800230020000600248600001500254990001700269INLIS00000000000142420260408075919 a0010-04260000081 aSEndiri Dalam Taat Menanti Dalam Doa : Kunantikan Kau Dalam Sujud-Sujud Panjang /cRiany Azzahra0 aAzzahra, Riany a227 hlm ;c14 X 21 cm a- :b-,c- a297.577 a297.577 AZZ s a- 4aPernikahan a4780/PP/2026